000
00213nam a2200097Ia 4500
008
170619s9999 xx 000 0 und d
100
_a
kasana H S
245
0
_a
Fluid Dynamics
260
_b
New Delhi: TMH
260
_c
1991
546
_a
ENGLISH
999
_c
16398
_d
16398